Word Ladder: Console War Quiz Stats

 Plays Quiz Updated Nov 11, 2014

Challenge
Share
Tweet
Embed
Score 0/15 Timer 01:30
0 Plays Today
Hint 4-Letter Word % Correct
Fictional British spy James ____BOND
90.3%
Group of musiciansBAND
89.1%
Much of it is found at the beachSAND
89.1%
Mail a letterSEND
88.9%
Microsoft gaming consoleXBOX
86.1%
What a plant may grow fromSEED
85.1%
TobogganSLED
84.3%
Ran away, escapedFLED
80.1%
Hint 4-Letter Word % Correct
PlayStation developerSONY
79.5%
A set of words set to musicSONG
77.5%
Water pipeBONG
74.3%
Bend a limb or jointFLEX
73%
What Apple would name containers if they decided to make themIBOX
72.8%
A type of wild goat with very long hornsIBEX
60.7%
Genus of hollyILEX
53%

Today's Daily Dose

You're not logged in!

Compare scores with friends on all Sporcle quizzes.
Join for Free
OR
Log In

You Might Also Like...

Show Comments

Extras

Top Quizzes Today


Score Distribution

Your Account Isn't Verified!

In order to create a playlist on Sporcle, you need to verify the email address you used during registration. Go to your Sporcle Settings to finish the process.

Report this User

Report this user for behavior that violates our Community Guidelines.

Details: